000 00245nam a2200097Ia 4500
082 _a635 HUNT
245 0 _aGardening
100 _a HUNTER, Jane McMorland London, 2003
_992705
942 _cBK
008 210817s9999 xx 000 0 und d
999 _c378343
_d378342